000 00213 a2200097 4500
001 57123
100 _a
245 _a100 training Games
260 _aNew Delhi
_bMcgraw Hill
_c2008
090 _c35054
_d35054
942 _aNUST-CAE
_cMONOGRAPH
_c27841
999 _c292196
_d292196